000 00722nam a2200265Ia 4500
005 20260121171136.0
008 008 260114s9999 xx 000 0 eng d
020 _a9783030147457
037 _aEBOOK
040 _aCRL
040 _beng
040 _cCRL
041 _2eng
041 _aeng
084 _qCRL
100 _aPhaedon Kyriakidis, Diofantos Hadjimitsis, Dimitrios Skarlatos, Ali Mansourian
_91072543
245 0 _aGeospatial Technologies for Local and Regional Development
260 _bSpringer
260 _bSpringer
260 _c2020
856 _uhttps://link.springer.com/openurl?genre=book&isbn=978-3-030-14745-7
942 _cEBOOK
999 _c1638273
_d1638273